| 000 | 00849nam a22002177a 4500 | ||
|---|---|---|---|
| 999 |
_c18806 _d18806 |
||
| 003 | AR-CdUCM | ||
| 008 | 190515b ||||| |||| 00| 0 spa d | ||
| 040 |
_aMUNICIPALIDAD PROVINCIAL DEL CUSCO _cBIBLIOTECA MUNICIPAL DEL CUSCO |
||
| 082 |
_a378.55 / _bSC29 |
||
| 100 |
_aScheifele, Mirian _939625 |
||
| 245 | _aEl niño sobredotado en la escuela comun / | ||
| 260 |
_aBuenos Aires : _bPaidos, _c1964. |
||
| 300 |
_a134 paginas ; _c20 cm |
||
| 505 | _aContenido: Identificación del niño sobredotado -- Problemas especiales del niño sobredotado -- Metodos escolares corrientes -- Actividades de enriquecimiento que se sugieren -- El papel del maestro... | ||
| 650 |
_aNiño _922056 |
||
| 650 |
_aSobredotado _939626 |
||
| 700 |
_aBernstein, Jaime _939627 |
||
| 700 |
_aSiroli, Jorge _939628 |
||
| 942 |
_2ddc _cLIBROS |
||
| 945 |
_apjha _d2019-05-15 |
||